Piłkarska kariera Martina Braithwaite'a. - Statystyki

Ogólne statystyki
  • Ten quiz został rozwiązany 48 razy
  • Średni wynik to 3 z 9
Statystyki odpowiedzi
Lata Drużyna % Poprawnych
2020-teraz Barcelona
100%
2019-2019 Leganes
54%
2019-2020 Leganes
54%
2013-2017 Toulouse
46%
2017-2018 Middlesbrough
24%
2018-2019 Middlesbrough
24%
2019-2019 Middlesbrough
24%
2018-2018 Bordeaux
12%
2009-2013 Esbjerg
10%
Nie znaleziono quizów pasujących do podanych kryteriów
Rozkład punktacji
Procent ludzi z każdym wynikiem
Percentyl według liczby udzielonych odpowiedzi
Twoja historia wyników
Nie rozwiązałeś tego quizu